Statistics for European Geography - B

Click here to take the quiz!

General Stats

  • This quiz has been taken 1,698 times
  • The average score is 14 of 19

Answer Stats

HintAnswer% Correct
Capital of GermanyBerlin
99%
Large Catalonian city in SpainBarcelona
95%
Capital of SwitzerlandBern
95%
French and Dutch speaking countryBelgium
93%
Capital of HungaryBudapest
92%
Country bordering Croatia and SerbiaBosnia and Herzegovina
91%
Country in southeastern Europe bordering GreeceBulgaria
90%
Sea bordering ScandinaviaBaltic Sea
89%
Capital of RomaniaBucharest
88%
Island containing England, Scotland, and WalesBritain
87%
Large sea bordering Ukraine and RomaniaBlack Sea
83%
Former Soviet Republic in eastern EuropeBelarus
80%
German stateBavaria
80%
Peninsula in southeastern EuropeBalkan Peninsula
69%
Language spoken in France and SpainBasque
61%
Island chain east of SpainBalearic Islands
38%
Gulf between Sweden and FinlandGulf of Bothnia
22%
Largest city in MaltaBirkirkara
5%
Large tributary of the Volga RiverBelaya
0%

Score Distribution

Percentile by Number Answered

Percent of People with Each Score

Your Score History

You have not taken this quiz